Churches and Islam in Europe (II) (Record no. 19636)

MARC details
000 -LEADER
fixed length control field 00327nam a22001337a 4500
022 ## -
-- 2880700140
082 ## - DEWEY DECIMAL CLASSIFICATION NUMBER
Classification number 205 CON
100 ## - MAIN ENTRY--AUTHOR NAME
Author name Conference of European Churches
245 ## - TITLE STATEMENT
Title Churches and Islam in Europe (II)
260 ## - PUBLICATION, DISTRIBUTION, ETC. (IMPRINT)
Name of publisher Conference of European Churches
Year of publication 1982
300 ## - PHYSICAL DESCRIPTION
Number of Pages 76
650 ## - SUBJECT ADDED ENTRY--TOPICAL TERM
Topical Term Muslims-Europe
942 ## - ADDED ENTRY ELEMENTS (KOHA)
Koha item type Books

No items available.

                   Copyright © 2026 | Henry Martyn Institute | Hyderabad | TS-500052 | INDIA | Implemented by hmi.edu.in
Hit-Count:

Powered by Koha